Nommez une réponse valide. La France. - Statistiques

Statistiques générales
  • Ce quiz a été pris 3 492 fois
  • Le résultat moyen est 10 sur 14
Statistiques - réponses
Possibilités Question Réponse % Correct
8 Court d'eau de plus de 500 kms de long. Le Rhin | La Loire | La Meuse | Le Rhône | La Seine | La Moselle | La Garonne | La Marne
99%
8 Un pays frontalier de la France Métropolitaine. Monaco | Andorre | Espagne | Suisse | Belgique | Italie | Luxembourg | L'Allemagne
98%
5 Buteur lors d'une finale de coupe du monde de Football. Zinédine Zidane | Kylian Mbappé | Antoine Griezmann | Paul Pogba | Emmanuel Petit
96%
5 Une région d'outre-Mer. Guadeloupe | Martinique | Guyane | Réunion | Mayotte
92%
5 Région qui n'a pas changé de nom à la suite de la fusion de certaines régions. Bretagne | Corse | Ile de France | Pays de la Loire | Provence-Alpes-Cote d'Azur
79%
1 Date du jour Férié Chômé en France Le 1er mai
78%
4 Une gare Française apparaissant sur le Monopoly classique. Gare de Lyon | Gare du Nord | Gare Saint-Lazare | Gare Montparnasse
75%
3 Ville qui a entre 300000 et 400000 habitants. Montpellier | Nice | Nantes
74%
4 Territoire Français se situant dans le Pacifique Nouvelle-Calédonie | la Polynésie française | Wallis-et-Futuna | l'île Clipperton
70%
4 Premier ministre entre 2000 et 2010. François Fillon | Dominique De Villepin | Jean-Pierre Raffarin | Lionel Jospin
65%
5 Une des 5 plus grandes entreprises par capitalisation boursière en France en 2022 LVMH | L’Oréal | Hermès International | Christian Dior | Total Energies
65%
8 Un département se trouvant en "Bourgogne-Franche-Comté" la Côte-d'Or | le Doubs | la Haute-Saône | le Jura | la Nièvre | la Saône-et-Loire | le Territoire de Belfort | l'Yonne
56%
4 Un des membres initiale du groupe Français "Téléphone". Jean-Louis Aubert | Louis Bertignac | Corine Marienneau | Richard Kolinka
55%
4 Roi de France, entre 990 et 1100. Hugues Capet | Robert II | Henri 1er | Philippe 1er
37%
Aucun quiz correspondant
Distribution des résultats
% des personnes avec chaque résultat
Percentile par nombre de réponses
Votre historique - résultats
Vous n’avez pas pris ce quiz